00477nam a2200181 a 4500001001300000003000900013005001700022008004100039020001000080082001900090100001600109245004300125260005200168300000800220500003500228650001600263700001600279nice12345678IN_TiNIC20260116015317.0071001s2004 newa grp 000 0 eng  ac20000a305.40954bJOH aJohn, Jacob aWomen in Governanceb Road and Success aNew Delhi bInstitute of Social Sciences c2004 a136 aincludes index and biblioraphy aWomen-India1 aJohn, Jacob